Normal view MARC view
  • Gortari, Rebeca de

Entry Nombre Personal

Number of records used in: 1

001 - NUMERO DE CONTROL

  • campo de control: 45165

003 - IDENTIFICADOR DE NUMERO DE CONTROL

  • campo de control: DLC

005 - FECHA Y HORA DE LA ÜLTIMA TRANSACCIÓN

  • campo de control: 20220816083251.0

008 - DATOS DE LONGITUD FIJA

  • campo de control de longitud fija: 220816n| acannaabn |a aaa c

010 ## - NÚMERO DE CONTROL DE LA BIBLIOTECA DEL CONGRESO

  • Número de control LC: no2009073453

035 ## - NUMERO DE CONTROL

  • Número de control: (OCoLC)oca08106939

040 ## - FUENTE DE CATALOGACIÓN

  • Agencia original de catalogación: MXMxUNAM
  • Lenguaje de catalogación: spa
  • Agencia de transcripción: MXMxUNAM
  • Agencia que lo modifica: MX-MxUPN

100 1# - ENCABEZAMIENTO - NOMBRE PERSONAL

  • Nombre personal: Gortari, Rebeca de

373 ## - GRUPO ASOCIADO

  • Associated group: Universidad Nacional Autónoma de México. Instituto de Investigaciones Sociales

374 ## - OCUPACIÓN

  • Occupation: Investigadora

375 ## - GÉNERO

  • Gender: femenino

377 ## - LENGUA ASOCIADA

  • Language code: spa

400 1# - VEÁSE - NOMBRE DE PERSONA

  • Personal name: De Gortari, Rebeca

400 1# - VEÁSE - NOMBRE DE PERSONA

  • Personal name: Gortari Rabiela, Rebeca de

400 1# - VEÁSE - NOMBRE DE PERSONA

  • Personal name: Rabiela, Rebeca de Gortari

400 1# - VEÁSE - NOMBRE DE PERSONA

  • Personal name: De Gortari Rabiela, Rebeca

670 ## - FUENTE EN LA QUE SE LOCALIZARON DATOS

  • Cita de la fuente: La formación de redes de conocimiento, 2001:
  • Información localizada: portada (Rebeca de Gortari) página 4 de la cubierta (Rebeca de Gortari Rabiela)

670 ## - FUENTE EN LA QUE SE LOCALIZARON DATOS

  • Cita de la fuente: Instituto de Investigaciones Sociales, UNAM, 19 febrero 2009:
  • Información localizada: (Rebeca de Gortari Rabiela; Investigadora, IIS, UNAM. Doctorado de Tercer Ciclo en Historia, Escuela de Altos Estudios en Ciencias Sociales, París)
  • Uniform Resource Identifier: http://www.coord-hum.unam.mx/frame.asp?url=http://www.iis.unam.mx/

902 ## - CATALOGADOR

  • Catalogador: NDAF/160822